Impacto de la urbanizacion Duarco en Cartago

שמור ב:
מידע ביבליוגרפי
מחבר ראשי: Rodriguez Esquivel, Marvin Gerardo
פורמט: Tesis ספר
שפה:Undetermined
יצא לאור: 1985
נושאים:
תגים: הוספת תג
אין תגיות, היה/י הראשונ/ה לתייג את הרשומה!

MARC

LEADER 00000nam a2200000Ia 4500
001 2772
008 140114s9999 xx 000 0 und d
100 |a Rodriguez Esquivel, Marvin Gerardo 
245 |a Impacto de la urbanizacion Duarco en Cartago 
260 |c 1985 
500 |a NULL 
502 |a Escuela de ingenieria Civil 
650 |z URBANIZACION DUARCO 
999 |c 11640  |d 11640